00615nam a22001937a 4500003000400000005001700004008004100021020001800062040003400080082002400114100002800138245004800166250004500214260003800259300002900297650003200326650002900358650003400387OSt20220704094410.0180228s2017 pe 000 0 spa  a9786124591624 cBiblioteca Municipal de Cusco a869.57/G223CbG223C aGarcía, Evelynd1981- aLa casa del sol naciente /cEvelyn García aPrimera edición, primera reimpresión aLima :bBorrador Editores,c2012. a189 páginas. :c21 cm. aNovelas peruanasySiglo XXI aFamilia en la literatura aAdolescencia en la literatura